000 00623nam a22002177a 4500
003 UA-OsUOA
001 117224
007 ta
008 20160510b un ||||| |||| 00| 0 ukr d
100 _aЧоп Т.
090 _a101
_bЧ-75
942 _cSA
040 _aUA-OsUOA
_bukr
_cUA-OsUOA
_dUA-OsUOA
245 _aЕстетика українського футуризму крізь матрицю романтизму
300 _aС.21-26
955 _a0
041 _aukr
080 _a101
773 0 _w117220
_tМандрівець
_dТернопіль
_d2015
_g6
650 7 _a1 Філософські науки
_2UDC
999 _c403144
_d403144